[Event "Titled Tue 20th May Late"]
[Site "chess.com INT"]
[Date "2025.05.20"]
[Round "4"]
[White "Bluebaum, Matthias"]
[Black "Plat, Vojtech"]
[Result "1/2-1/2"]
[WhiteTitle "GM"]
[BlackTitle "GM"]
[WhiteElo "2660"]
[BlackElo "2482"]
[WhiteFideId "24651516"]
[BlackFideId "325740"]
[EventDate "2025.05.20"]

1. d4 d6 2. Nf3 Bg4 3. e4 Nd7 4. h3 Bh5 5. Nc3 e5 6. dxe5 Nxe5 7. Be2 Nf6 8.
Nxe5 Bxe2 9. Qxe2 dxe5 10. Qb5+ c6 11. Qxb7 Rc8 12. Qxa7 Bb4 13. Qe3 Qd4 14. f3
Qc4 15. Bd2 O-O 16. Qe2 Qd4 17. O-O-O Qa7 18. Qc4 Rb8 19. Nb1 Bc5 20. Bc3 Be3+
21. Nd2 Nd7 22. Qe2 Nc5 23. b3 Bd4 24. Bxd4 exd4 25. Nb1 Qxa2 26. Qc4 Rxb3 27.
Qxc5 Rxb1+ 28. Kd2 Rb2 29. Ra1 Qb3 30. Ra3 Rxc2+ 31. Qxc2 Qxa3 32. Qd3 Qb2+ 33.
Qc2 Qb4+ 34. Ke2 c5 35. Rb1 Qa3 36. Kf1 d3 37. Qd2 c4 38. Rc1 Qc5 39. Qxd3 Rc8
40. Qd5 Qb4 41. Kg1 c3 42. Kh2 Qb8+ 43. e5 Qc7 44. f4 c2 45. Qe4 Qc3 46. h4 h6
47. e6 fxe6 48. Qxe6+ Kh8 49. Qe4 Qc7 50. h5 Qc5 51. Qg6 Qc7 52. Qf5 Qc6 53. Kh3
Qc3+ 54. g3 Qc5 55. Kg4 Qxf5+ 56. Kxf5 Kg8 57. Ke4 Kf7 58. Kd3 Kf6 59. g4 Rd8+
60. Kxc2 Rd4 61. Rf1 Ke6 62. Kc3 Ra4 63. Kd3 Kd5 64. Ke3 Ra3+ 65. Kf2 Ke4 66.
Kg2 Ra2+ 67. Kg3 Ra3+ 68. Kh4 Rf3 69. Rxf3 Kxf3 70. f5 Kf4 71. Kh3 Ke5 72. Kg3
Ke4 73. Kh3 Ke5 74. Kg2 Kf4 75. Kh3 Ke5 1/2-1/2

[Event "Titled Tue 20th May Late"]
[Site "chess.com INT"]
[Date "2025.05.20"]
[Round "4"]
[White "Carlsen, Magnus"]
[Black "Haug, Havard"]
[Result "1/2-1/2"]
[WhiteTitle "GM"]
[BlackTitle "FM"]
[WhiteElo "2837"]
[BlackElo "2354"]
[WhiteFideId "1503014"]
[BlackFideId "1547887"]
[EventDate "2025.05.20"]

1. e4 c6 2. d4 d5 3. exd5 cxd5 4. Bd3 Nc6 5. c3 Qc7 6. h3 g6 7. Nf3 Bf5 8. O-O
Bxd3 9. Qxd3 Nf6 10. Re1 Bg7 11. Nbd2 O-O 12. Nb3 Ne4 13. Ng5 Nxg5 14. Bxg5 Rfe8
15. Qf3 Qd6 16. Bf4 e5 17. dxe5 Bxe5 18. Be3 Rad8 19. Rad1 b6 20. Bg5 f6 21. Be3
Qe6 22. Kf1 Qf7 23. g3 h5 24. Re2 Rd7 25. Red2 Red8 26. Nd4 Bxd4 27. Bxd4 Ne5
28. Qf4 Qe6 29. Kg2 Nc4 30. Rc2 Qe4+ 31. Qxe4 dxe4 32. Re2 f5 33. f3 Nd6 34.
Rde1 Kf7 35. a4 Re8 36. b3 exf3+ 37. Kxf3 Ne4 38. h4 Nd2+ 39. Kf4 Rxe2 40. Rxe2
Nxb3 41. Be3 Rd3 42. Rc2 Nc5 43. a5 Ne6+ 44. Kf3 bxa5 45. Ke2 Rd7 46. Ra2 Rd5
47. c4 Re5 48. Kd3 Ke7 49. Bxa7 Kd7 50. Rb2 Re4 51. Be3 Rg4 52. Rb7+ Kc6 53.
Rb6+ Kd7 54. Bf2 f4 55. gxf4 Nxf4+ 56. Kc3 Nh3 57. Bd4 Nf4 58. Be5 Rxh4 59. Rd6+
Ke7 60. c5 Ne6 61. c6 Rh3+ 62. Kc4 Rh1 63. Rd7+ Ke8 64. Kd5 Nd8 65. Rd6 Rd1+ 66.
Bd4 Rc1 67. Rxg6 Nxc6 68. Rxc6 Rxc6 69. Kxc6 h4 70. Kb5 h3 71. Bg1 Kd7 72. Kxa5
Ke6 73. Bh2 Kd5 74. Kb4 Ke4 75. Kc3 Kf3 76. Kd2 Kg2 77. Ke2 Kxh2 78. Kf2 Kh1 79.
Kf1 h2 80. Kf2 1/2-1/2

[Event "Titled Tue 20th May Late"]
[Site "chess.com INT"]
[Date "2025.05.20"]
[Round "4"]
[White "Lortkipanidze, Nodar"]
[Black "Kilic, Eray"]
[Result "1/2-1/2"]
[WhiteTitle "IM"]
[BlackTitle "IM"]
[WhiteElo "2359"]
[BlackElo "2469"]
[WhiteFideId "13604058"]
[BlackFideId "44517173"]
[EventDate "2025.05.20"]

1. e4 c5 2. c3 d5 3. exd5 Qxd5 4. d4 Nf6 5. Nf3 Bg4 6. Be2 e6 7. h3 Bh5 8. O-O
Nc6 9. Be3 cxd4 10. cxd4 Be7 11. Nc3 Qd6 12. Qb3 O-O 13. Rfd1 Rfd8 14. Rac1 Qb4
15. g4 Qxb3 16. axb3 Bg6 17. Ne5 Nb4 18. Nxg6 hxg6 19. Bf3 Rd7 20. Na4 Nfd5 21.
Bd2 Rad8 22. Kf1 b6 23. Ke2 Bf6 24. Be3 g5 25. Nc3 Nf4+ 26. Bxf4 gxf4 27. Nb5 a6
28. Rc4 Nd5 29. Nc3 b5 30. Rc5 Nb4 31. d5 Bxc3 32. bxc3 Nxd5 33. Bxd5 exd5 34.
Rd4 g5 35. c4 dxc4 36. Rxd7 Rxd7 37. Rxg5+ Kf8 38. bxc4 bxc4 39. Rc5 Rd4 40. Ra5
Rd3 41. Rxa6 f3+ 42. Ke1 c3 43. Rc6 Ke7 44. h4 Kd7 45. Rc4 Ke6 46. h5 Kf6 47.
Rc5 Kg7 48. g5 Kh7 49. Rc7 Kg8 50. Rc8+ Kg7 51. Rc7 Kg8 52. Rc6 Rd5 53. Rxc3
Re5+ 54. Re3 Rxg5 55. Rxf3 Rxh5 56. Rg3+ Kf8 57. Re3 Ra5 58. Ke2 f6 59. Kf3 Kf7
60. Rd3 Ra4 61. Re3 Kg6 62. Re4 Ra2 63. Re3 Kg5 64. Kg3 Rd2 65. Rc3 Rd5 66. Re3
f5 67. Rb3 Rc5 68. Kf3 Rc4 69. Ra3 Rh4 70. Kg3 f4+ 71. Kg2 Rh8 72. Ra5+ Kg4 73.
f3+ Kh4 74. Rf5 Rb8 75. Rxf4+ Kg5 76. Re4 Kf5 77. Kg3 Rb1 78. Ra4 Rg1+ 79. Kf2
Rb1 80. Rc4 Rb2+ 81. Kg3 Rb1 82. Rc5+ Kf6 83. Kg4 Rb4+ 84. f4 Rb6 85. Rh5 Kg7
86. Rg5+ Kf6 87. Rh5 Kg7 88. Kg5 Rb1 89. Rh2 Rb5+ 90. Kg4 Kf6 91. Rh6+ Kg7 92.
Rc6 Kf7 93. f5 Rb1 94. Rc7+ Kf6 95. Rc6+ Kf7 96. Rc3 Rg1+ 97. Rg3 Rf1 98. Rf3
Rxf3 99. Kxf3 Kf6 100. Kf4 Kf7 101. Kg5 Kg7 102. f6+ Kf7 103. Kf5 Kf8 104. Ke5
Kf7 105. Kf5 Kf8 106. Ke6 Ke8 107. Kd6 Kf7 108. Ke5 Kf8 109. Kf4 Kf7 110. Kg5
Kf8 111. Kh6 Kf7 112. Kg5 Kf8 113. Kg6 Kg8 114. f7+ Kf8 115. Kh7 Kxf7 1/2-1/2

[Event "Titled Tue 20th May Late"]
[Site "chess.com INT"]
[Date "2025.05.20"]
[Round "4"]
[White "Nguyen Hong Nhung"]
[Black "Wiebe, Isaac"]
[Result "0-1"]
[WhiteTitle "WFM"]
[WhiteElo "2197"]
[BlackElo "2085"]
[WhiteFideId "12412201"]
[BlackFideId "2623862"]
[EventDate "2025.05.20"]

1. e4 e5 2. Nf3 Nc6 3. d4 exd4 4. Nxd4 Bb4+ 5. c3 Bc5 6. Be3 Bb6 7. Nf5 Bxe3 8.
Nxe3 Nf6 9. Bd3 O-O 10. O-O Re8 11. Nd2 g6 12. Bc4 Na5 13. f3 Nxc4 14. Ndxc4 d6
15. Qd4 Be6 16. Rfd1 Nh5 17. a4 Qg5 18. Nd5 Bxd5 19. Qxd5 Qxd5 20. Rxd5 Nf4 21.
Rd2 a5 22. g3 Ne6 23. b4 axb4 24. cxb4 b5 25. Na5 bxa4 26. Rxa4 Reb8 27. Rc2 Rb5
28. Kf2 Ra6 29. Rc4 c5 30. Ra1 cxb4 31. Nb3 Rxa1 32. Nxa1 Nc5 33. Nc2 b3 34. Na3
b2 35. Rd4 b1=Q 36. Nxb1 Rxb1 37. Rxd6 Rb2+ 38. Kg1 Ne6 39. g4 g5 40. Rd5 Kg7
41. Rd1 Nf4 42. Rd5 h6 43. Rc5 f6 44. Rc7+ Kg6 45. Rc8 Nh3+ 46. Kh1 Nf4 47. Kg1
Rg2+ 48. Kh1 Rf2 49. Kg1 Rxf3 50. Rc6 Re3 51. Rc4 Nh3+ 52. Kg2 Nf4+ 53. Kf2 Re2+
54. Kg3 Rg2+ 55. Kf3 Rxh2 56. Rc8 Rh3+ 57. Kf2 Rd3 58. Rg8+ Kf7 59. Rh8 Rd2+ 60.
Ke3 Re2+ 61. Kf3 Kg7 62. Re8 Rd2 63. Re7+ Kg6 64. Re8 Rd3+ 65. Kf2 Rh3 66. Rg8+
Kf7 67. Ra8 Rh4 68. Kg3 h5 69. gxh5 Nxh5+ 70. Kf3 Rh3+ 71. Kg4 Rh4+ 72. Kf3 Kg6
73. Rg8+ Ng7 74. Ra8 Rf4+ 75. Ke3 Ne6 76. Ra6 Nf8 77. Ra8 Nh7 78. Rg8+ Kf7 79.
Ra8 Nf8 80. Ra7+ Kg6 81. Ra8 Ne6 82. Ra6 Nc5 83. Rc6 Nxe4 84. Re6 Ng3 85. Re8
Nf5+ 86. Kd2 Rd4+ 87. Kc3 Rd5 88. Rg8+ Ng7 89. Ra8 Re5 90. Kd4 g4 91. Kd3 g3 92.
Ra2 Kg5 93. Rg2 Nf5 94. Rg1 Kg4 95. Rh1 g2 96. Rh8 Kf3 97. Rg8 Ng3 98. Rg6 f5
99. Rg5 g1=Q 100. Kc4 Qc1+ 101. Kb4 Qc5+ 102. Ka4 Re4+ 103. Kb3 Rb4+ 104. Ka3
Qa5# 0-1

[Event "Titled Tue 20th May Late"]
[Site "chess.com INT"]
[Date "2025.05.20"]
[Round "5"]
[White "Diaz Cesar, Wilsaida Pieranlly"]
[Black "Clawitter, Craig"]
[Result "0-1"]
[WhiteTitle "WFM"]
[WhiteElo "1892"]
[BlackElo "2050"]
[WhiteFideId "6403557"]
[BlackFideId "2023105"]
[EventDate "2025.05.20"]

1. e4 e5 2. Nf3 Nc6 3. Bc4 Nf6 4. Ng5 d5 5. exd5 Na5 6. Bb5+ c6 7. dxc6 bxc6 8.
Bd3 Nd5 9. Nf3 Bd6 10. O-O O-O 11. Re1 f5 12. Nxe5 Qf6 13. Nf3 g5 14. g3 f4 15.
Bf1 fxg3 16. Bg2 Bg4 0-1

[Event "Titled Tue 20th May Late"]
[Site "chess.com INT"]
[Date "2025.05.20"]
[Round "5"]
[White "Myagmarsuren, Evsuld"]
[Black "Duarte Cramer, Lily Jeanette"]
[Result "1-0"]
[WhiteTitle "FM"]
[BlackTitle "WCM"]
[WhiteElo "2292"]
[BlackElo "1828"]
[WhiteFideId "1551639"]
[BlackFideId "29620180"]
[EventDate "2025.05.20"]

1. e4 c5 2. Nf3 d6 3. d4 cxd4 4. Nxd4 Nf6 5. Nc3 a6 6. Be3 e5 7. Nb3 Be7 8. f3
Be6 9. Qd2 Nbd7 10. O-O-O Rc8 11. g4 Nb6 12. g5 Nfd7 13. Na5 Qc7 14. Kb1 O-O 15.
h4 Nc5 16. h5 Nca4 17. Nxa4 Nxa4 18. Nb3 Bxb3 19. axb3 Nc5 20. g6 h6 21. Bxh6
Ne6 22. Bc4 Nd4 23. Bxg7 Kxg7 24. h6+ Kg8 25. h7+ Kh8 26. g7+ Kxg7 27. h8=Q+
Rxh8 28. Rdg1+ Bg5 29. Qxg5+ Kf8 30. Rxh8# 1-0

[Event "Titled Tue 20th May Late"]
[Site "chess.com INT"]
[Date "2025.05.20"]
[Round "5"]
[White "Martin Fuentes, Alberto"]
[Black "Materia, Marco"]
[Result "0-1"]
[WhiteTitle "FM"]
[BlackTitle "IM"]
[WhiteElo "2376"]
[BlackElo "2489"]
[WhiteFideId "2292289"]
[BlackFideId "45150451"]
[EventDate "2025.05.20"]

1. e4 c6 2. Nc3 d5 3. g3 e5 4. Bg2 Nf6 5. Nge2 d4 6. Nb1 c5 7. d3 Nc6 8. O-O h5
9. h3 h4 10. g4 Bd6 11. f4 exf4 12. Bxf4 Be6 13. Nd2 Qc7 14. Bxd6 Qxd6 15. e5
Qxe5 16. Nf4 O-O-O 17. Nxe6 Qxe6 18. Qf3 Qe3+ 19. Qxe3 dxe3 20. Nc4 e2 21. Rf2
Nd4 22. c3 Nc2 0-1

[Event "Titled Tue 20th May Late"]
[Site "chess.com INT"]
[Date "2025.05.20"]
[Round "5"]
[White "Kollars, Dmitrij"]
[Black "Salinas Herrera, Pablo"]
[Result "1-0"]
[WhiteTitle "GM"]
[BlackTitle "GM"]
[WhiteElo "2625"]
[BlackElo "2447"]
[WhiteFideId "12909572"]
[BlackFideId "3407128"]
[EventDate "2025.05.20"]

1. e4 c5 2. Nf3 e6 3. d4 cxd4 4. Nxd4 a6 5. c4 Qc7 6. Nc3 Nf6 7. Be2 Bb4 8. O-O
O-O 9. Bg5 d6 10. Bxf6 gxf6 11. Qd2 Qe7 12. Rad1 Rd8 13. Nc2 Bxc3 14. Qxc3 Nc6
15. Rd3 Ne5 16. Rg3+ Kh8 17. f4 Nc6 18. Ne3 Bd7 19. Ng4 e5 20. fxe5 Bxg4 21.
exf6 Qxe4 22. Bxg4 Ne5 23. Bf5 Qxc4 24. Qxc4 Nxc4 25. Rf4 Ne5 26. Bxh7 Rac8 27.
Rh4 Rc1+ 28. Kf2 1-0

[Event "Titled Tue 20th May Late"]
[Site "chess.com INT"]
[Date "2025.05.20"]
[Round "5"]
[White "Abdurakhmonov, Mukhammadali"]
[Black "Kracht, Raphael"]
[Result "1-0"]
[WhiteTitle "IM"]
[BlackTitle "CM"]
[WhiteElo "2368"]
[BlackElo "2194"]
[WhiteFideId "14207346"]
[BlackFideId "16214382"]
[EventDate "2025.05.20"]

1. e4 e6 2. Qe2 e5 3. Nf3 Nc6 4. g3 Bc5 5. Bg2 Nf6 6. O-O O-O 7. d3 d6 8. c3 Bg4
9. h3 Be6 10. Nbd2 h6 11. Nb3 Bb6 12. Be3 Qd7 13. Kh2 Rad8 14. Rad1 Ne7 15. Ng1
Ne8 16. d4 exd4 17. cxd4 f5 18. d5 Bf7 19. Bxb6 axb6 20. e5 dxe5 21. Qxe5 Nd6
22. Nd4 Ng6 23. Qe2 f4 24. Ne6 Bxe6 25. dxe6 Qe7 26. Rfe1 Rf6 27. Nf3 fxg3+ 28.
fxg3 Re8 29. Nd4 c5 30. Nb5 Nxb5 31. Qxb5 Rxe6 32. Rxe6 Qxe6 33. Bd5 1-0

[Event "Titled Tue 20th May Late"]
[Site "chess.com INT"]
[Date "2025.05.20"]
[Round "5"]
[White "Howell, David W L"]
[Black "Meylan, Andre"]
[Result "1-0"]
[WhiteTitle "GM"]
[BlackTitle "CM"]
[WhiteElo "2668"]
[BlackElo "2138"]
[WhiteFideId "410608"]
[BlackFideId "1301225"]
[EventDate "2025.05.20"]

1. d4 c5 2. d5 e5 3. e4 d6 4. Nc3 a6 5. a4 Be7 6. Be2 Bg5 7. Nf3 Bxc1 8. Qxc1
Ne7 9. Nd2 O-O 10. Nc4 f5 11. f4 fxe4 12. O-O Bf5 13. fxe5 dxe5 14. Qg5 Bg6 15.
Rxf8+ Qxf8 16. Nb6 Ra7 17. Rf1 Qd8 18. d6 Nec6 19. Bc4+ Bf7 20. Rxf7 Qxg5 21.
Rf2+ 1-0

[Event "Titled Tue 20th May Late"]
[Site "chess.com INT"]
[Date "2025.05.20"]
[Round "5"]
[White "Przybylski, Bartosz"]
[Black "Mata Gonzalez, Jose Fernando"]
[Result "1-0"]
[WhiteTitle "CM"]
[BlackTitle "CM"]
[WhiteElo "2107"]
[BlackElo "2164"]
[WhiteFideId "21878323"]
[BlackFideId "5107423"]
[EventDate "2025.05.20"]

1. e4 c5 2. Nf3 d6 3. d4 cxd4 4. Nxd4 Nf6 5. Nc3 a6 6. Bg5 Nbd7 7. Bc4 e5 8. Nf5
Nb6 9. Bd3 Bxf5 10. exf5 d5 11. Qe2 e4 12. f3 Bb4 13. fxe4 Bxc3+ 14. bxc3 dxe4
15. Bxf6 Qxf6 16. Qxe4+ Kf8 17. O-O Rb8 18. Rae1 h5 19. c4 Kg8 20. c5 Nd7 21.
Qd5 Qc6 22. Qxc6 bxc6 23. Re7 Nxc5 24. Bc4 Kh7 25. Rxf7 Rb4 26. Be2 Kh6 27. f6
g6 28. Rc7 Rf8 29. Rxc6 Ne4 30. Bd3 Ng5 31. f7 Nxf7 32. Rxg6+ Kh7 33. Rb6+ 1-0

[Event "Titled Tue 20th May Late"]
[Site "chess.com INT"]
[Date "2025.05.20"]
[Round "5"]
[White "Bogaudinov, Rushan"]
[Black "Cernov, Henrik"]
[Result "0-1"]
[WhiteTitle "FM"]
[BlackTitle "FM"]
[WhiteElo "1912"]
[BlackElo "2325"]
[WhiteFideId "4129288"]
[BlackFideId "16258312"]
[EventDate "2025.05.20"]

1. e4 e6 2. Nf3 d5 3. e5 c5 4. b4 f6 5. bxc5 Bxc5 6. Bb2 Qb6 7. Qc1 Bxf2+ 8. Kd1
Nc6 9. exf6 Nxf6 10. Nc3 O-O 11. Rb1 Qd8 12. Ba3 Re8 13. Bb5 Bb6 14. Rf1 d4 15.
Ne2 e5 16. Qb2 Be6 17. Ng5 Bd5 18. Ng3 h6 19. Nf3 e4 20. Nh4 e3 21. Bd3 exd2 22.
Nhf5 Ba5 23. Qxb7 Re1+ 0-1

[Event "Titled Tue 20th May Late"]
[Site "chess.com INT"]
[Date "2025.05.20"]
[Round "5"]
[White "Onur, Cigdem"]
[Black "Maklakova, Nellija"]
[Result "1-0"]
[WhiteTitle "WCM"]
[WhiteElo "1966"]
[BlackElo "1926"]
[WhiteFideId "6346030"]
[BlackFideId "11603470"]
[EventDate "2025.05.20"]

1. e4 e6 2. d4 d5 3. Nd2 dxe4 4. Nxe4 Bd7 5. Nf3 Bc6 6. Bd3 Bxe4 7. Bxe4 Nf6 8.
Bxb7 Nbd7 9. Bxa8 Qxa8 10. O-O Bd6 11. c4 O-O 12. c5 Be7 13. Bf4 Nd5 14. Bg3 f5
15. Re1 Qc6 16. Qe2 f4 17. Bh4 Bxh4 18. Nxh4 e5 19. dxe5 Nxc5 20. Rac1 Qb6 21.
Qc4 c6 22. Qxc5 Qxb2 23. Qxc6 Nb4 24. Qc3 1-0

[Event "Titled Tue 20th May Late"]
[Site "chess.com INT"]
[Date "2025.05.20"]
[Round "5"]
[White "Kjaergaard-Jensen, Jesper"]
[Black "Carlsson, Ludvig"]
[Result "0-1"]
[WhiteTitle "CM"]
[BlackTitle "IM"]
[WhiteElo "2081"]
[BlackElo "2374"]
[WhiteFideId "1406990"]
[BlackFideId "1727010"]
[EventDate "2025.05.20"]

1. d4 Nf6 2. Nf3 d5 3. c3 e6 4. Bg5 Be7 5. Nbd2 O-O 6. Bxf6 Bxf6 7. e4 dxe4 8.
Nxe4 Nd7 9. Bd3 b6 10. Qe2 Bb7 11. h4 c5 12. O-O-O cxd4 13. Nfg5 h6 14. f4 dxc3
15. Nxf6+ Nxf6 16. Bh7+ Nxh7 17. Rxd8 cxb2+ 18. Kxb2 Rfxd8 19. Nxh7 Kxh7 20. Rc1
Rd7 21. g4 Rad8 22. Rc2 Rd4 23. Qe5 R8d7 24. g5 Rb4+ 25. Kc1 Be4 26. gxh6 gxh6
27. a3 Rbd4 28. Rc8 Rd1+ 29. Kb2 Rb1+ 30. Kc3 Rd3+ 31. Kc4 Rc1+ 32. Kb5 Rd5+ 33.
Qxd5 Rb1+ 34. Ka6 exd5 35. Kxa7 d4 0-1

[Event "Titled Tue 20th May Late"]
[Site "chess.com INT"]
[Date "2025.05.20"]
[Round "5"]
[White "Eminov, Orkhan"]
[Black "Hiermann, Dietmar"]
[Result "1-0"]
[WhiteTitle "FM"]
[BlackTitle "FM"]
[WhiteElo "2239"]
[BlackElo "2216"]
[WhiteFideId "13402153"]
[BlackFideId "1602918"]
[EventDate "2025.05.20"]

1. e4 c5 2. Nf3 d6 3. Bb5+ Nd7 4. d4 cxd4 5. Qxd4 e5 6. Qd3 Nf6 7. Nc3 Be7 8.
Bxd7+ Bxd7 9. Nd2 O-O 10. Nc4 Bc6 11. Ne3 Rc8 12. O-O a6 13. Nf5 d5 14. exd5 Bd7
15. d6 Bxf5 16. dxe7 Bxd3 17. exd8=Q Rfxd8 18. cxd3 Rxd3 19. Bg5 Nd7 20. Rfd1
Rxd1+ 21. Rxd1 Nc5 22. Be3 Ne6 23. Rd7 b5 24. a3 f6 25. g3 h6 26. Rd6 Nc7 27.
Rc6 1-0

[Event "Titled Tue 20th May Late"]
[Site "chess.com INT"]
[Date "2025.05.20"]
[Round "5"]
[White "Dogan, Mire Deniz"]
[Black "Leinov, Roman"]
[Result "1-0"]
[WhiteTitle "FM"]
[BlackTitle "CM"]
[WhiteElo "2089"]
[BlackElo "2120"]
[WhiteFideId "6317456"]
[BlackFideId "13504649"]
[EventDate "2025.05.20"]

1. e4 c5 2. Nc3 g6 3. d4 cxd4 4. Qxd4 Nf6 5. Be3 Nc6 6. Qd2 Bg7 7. f3 O-O 8.
O-O-O d6 9. Kb1 Be6 10. Nge2 Qa5 11. Nf4 Rfc8 12. Nxe6 fxe6 13. Bc4 Nd8 14. Bb3
Nd7 15. Bd4 Bf8 16. h4 Nc5 17. h5 Nxb3 18. axb3 e5 19. Be3 Nf7 20. hxg6 hxg6 21.
g4 Bg7 22. Nd5 Qxd2 23. Nxe7+ Kf8 24. Nxg6+ Ke8 25. Rxd2 Kd7 26. f4 exf4 27.
Bxf4 Rc6 28. e5 Rd8 29. Rh7 Rg8 30. exd6 Ke6 31. d7 Nd8 32. Bg5 Bf6 33. Bxf6
Kxf6 34. Ne7 Rxg4 35. Nxc6 Rg1+ 36. Ka2 Nxc6 37. d8=Q+ Nxd8 38. Rxd8 1-0

[Event "Titled Tue 20th May Late"]
[Site "chess.com INT"]
[Date "2025.05.20"]
[Round "5"]
[White "Piddubna, Bozhena"]
[Black "Zieba, Hubert"]
[Result "1-0"]
[WhiteTitle "WFM"]
[BlackTitle "CM"]
[WhiteElo "2174"]
[BlackElo "2233"]
[WhiteFideId "34109293"]
[BlackFideId "21844704"]
[EventDate "2025.05.20"]

1. d4 d5 2. c4 c6 3. Nf3 Nf6 4. g3 Bf5 5. Nc3 e6 6. Nh4 Be4 7. f3 Bg6 8. Qb3 Qb6
9. c5 Qxb3 10. axb3 Nbd7 11. b4 Be7 12. b5 e5 13. e3 O-O 14. bxc6 bxc6 15. Ra6
Rfe8 16. Kf2 exd4 17. exd4 Nb8 18. Ra3 Nfd7 19. Nxg6 hxg6 20. Be3 Bf8 21. Bd3 a5
22. Rha1 Ra7 23. Rxa5 Rb7 24. R1a2 Rb4 25. R5a4 Rb7 26. b4 Re6 27. b5 cxb5 28.
Bxb5 Nf6 29. Ra7 Ree7 30. Rxb7 Rxb7 31. c6 Rc7 32. Bf4 Rc8 33. Ra8 Bb4 34. Rxb8 1-0

[Event "Titled Tue 20th May Late"]
[Site "chess.com INT"]
[Date "2025.05.20"]
[Round "5"]
[White "Pribelszky, Bence"]
[Black "Coe, William"]
[Result "1-0"]
[WhiteTitle "IM"]
[WhiteElo "2400"]
[BlackElo "2078"]
[WhiteFideId "769738"]
[BlackFideId "30913624"]
[EventDate "2025.05.20"]

1. d4 Nf6 2. Bf4 e6 3. Nc3 c5 4. d5 exd5 5. Nxd5 d6 6. Nf3 Be6 7. e4 Nxd5 8.
exd5 Bg4 9. Bb5+ Nd7 10. O-O Be7 11. h3 Bf5 12. Re1 O-O 13. Bd3 Bg6 14. Rb1 Nf6
15. c4 Re8 16. b4 b6 17. bxc5 bxc5 18. Rb7 Bf8 19. Bxg6 hxg6 20. Ng5 Re7 21.
Rexe7 Bxe7 22. Qa4 Nxd5 23. cxd5 Bxg5 24. Rd7 Qf6 25. Bxd6 Qf5 26. Rxa7 Rd8 27.
Ra8 Qxd5 28. Rxd8+ Bxd8 29. Qe8+ Kh7 30. Qxd8 c4 31. Qh4+ Kg8 32. Bb4 Qd3 33.
Ba5 c3 34. Qd8+ Qxd8 35. Bxd8 f6 36. Ba5 1-0

[Event "Titled Tue 20th May Late"]
[Site "chess.com INT"]
[Date "2025.05.20"]
[Round "5"]
[White "Badacsonyi, Stanley"]
[Black "Sanhueza, Cristian"]
[Result "1-0"]
[WhiteTitle "FM"]
[BlackTitle "FM"]
[WhiteElo "2289"]
[BlackElo "2182"]
[WhiteFideId "486973"]
[BlackFideId "116815"]
[EventDate "2025.05.20"]

1. d4 Nf6 2. c4 e6 3. Nc3 d5 4. cxd5 exd5 5. Bg5 c6 6. e3 Bf5 7. Qf3 Bg6 8. Bxf6
Qxf6 9. Qxf6 gxf6 10. h4 h5 11. g3 Nd7 12. Kd2 Bd6 13. Nge2 O-O-O 14. Nf4 Bxf4
15. gxf4 Bf5 16. b4 a6 17. a4 Nb6 18. b5 axb5 19. axb5 Kc7 20. bxc6 bxc6 21.
Ra7+ Kd6 22. Rxf7 Ke6 23. Rb7 Rb8 24. Rxb8 Rxb8 25. Be2 Nd7 26. Ra1 Rb2+ 27. Ke1
Rc2 28. Na4 Bg4 29. Bd3 Bf5 30. Bxc2 Bxc2 31. Nc5+ Nxc5 32. dxc5 d4 33. Kd2 Bf5
34. exd4 Kd5 35. Ke3 Bc2 36. Ra8 Bb1 37. Rd8+ Kc4 38. Rd6 1-0

[Event "Titled Tue 20th May Late"]
[Site "chess.com INT"]
[Date "2025.05.20"]
[Round "5"]
[White "Ferrara, Enzo"]
[Black "Goncharov, Vladimir"]
[Result "0-1"]
[WhiteElo "2138"]
[BlackElo "2077"]
[WhiteFideId "137731"]
[BlackFideId "34162256"]
[EventDate "2025.05.20"]

1. d4 Nf6 2. c4 e6 3. Nc3 Bb4 4. e3 O-O 5. Ne2 Re8 6. a3 Bf8 7. Ng3 b6 8. Qf3 d5
9. cxd5 exd5 10. h3 c5 11. dxc5 bxc5 12. Bb5 Re5 13. O-O Bb7 14. Rd1 Qc8 15. Qf4
Bd6 16. Qh4 Nbd7 17. Bd3 Nf8 18. b3 Ng6 19. Bxg6 hxg6 20. Bb2 d4 21. exd4 g5 22.
dxe5 gxh4 23. exd6 hxg3 24. f3 c4 25. Rac1 Qc5+ 26. Kh1 Bxf3 27. Na4 Bxg2+ 28.
Kxg2 Qf2+ 0-1

[Event "Titled Tue 20th May Late"]
[Site "chess.com INT"]
[Date "2025.05.20"]
[Round "5"]
[White "Hoeffer, David"]
[Black "Zou, Chen"]
[Result "0-1"]
[WhiteTitle "FM"]
[BlackTitle "IM"]
[WhiteElo "2295"]
[BlackElo "2443"]
[WhiteFideId "24606766"]
[BlackFideId "8610959"]
[EventDate "2025.05.20"]

1. d4 Nf6 2. c4 g6 3. Nf3 Bg7 4. g3 O-O 5. Bg2 d6 6. O-O Nbd7 7. Nc3 a6 8. b3
Rb8 9. Bb2 b5 10. Qc2 bxc4 11. bxc4 Nb6 12. Nd2 Nfd7 13. c5 dxc5 14. dxc5 Nxc5
15. Rfd1 Qe8 16. Nb3 Nc4 17. Rab1 Nxb2 18. Rxb2 Bxc3 19. Qxc3 Na4 20. Qd2 Nxb2
21. Qxb2 Be6 22. Qc3 Bxb3 23. axb3 Qb5 24. Qxc7 Qxe2 25. Ra1 Rxb3 26. Bf1 Qe4
27. Bg2 Rb1+ 28. Rxb1 Qxb1+ 29. Bf1 Qe1 30. Kg2 a5 31. Bb5 Qb4 32. Qd7 Rb8 33.
Ba4 Qe4+ 34. Kh3 Qf5+ 35. Qxf5 gxf5 0-1

[Event "Titled Tue 20th May Late"]
[Site "chess.com INT"]
[Date "2025.05.20"]
[Round "5"]
[White "Tamer Waguih, Farid"]
[Black "Shandrygin, Nikita"]
[Result "1-0"]
[WhiteTitle "FM"]
[BlackTitle "FM"]
[WhiteElo "2206"]
[BlackElo "2209"]
[WhiteFideId "10685723"]
[BlackFideId "24198668"]
[EventDate "2025.05.20"]

1. d4 d5 2. Nc3 Nc6 3. Bf4 e5 4. dxe5 d4 5. Ne4 f6 6. exf6 Nxf6 7. Nxf6+ Qxf6 8.
Bd2 Bf5 9. Nf3 O-O-O 10. g3 Re8 11. Bg2 d3 12. cxd3 Bxd3 13. Be3 Bb4+ 14. Nd2
Rxe3 15. fxe3 Ne5 16. exd3 Nxd3+ 17. Ke2 Qf2+ 18. Kxd3 Rd8+ 19. Kc4 Rxd2 20.
Qg4+ Kb8 21. Qf3 Rc2+ 22. Kxb4 Rxb2+ 23. Ka3 1-0

[Event "Titled Tue 20th May Late"]
[Site "chess.com INT"]
[Date "2025.05.20"]
[Round "5"]
[White "Aranda, Juan Manuel"]
[Black "Jovic, Stanoje"]
[Result "0-1"]
[WhiteTitle "CM"]
[BlackTitle "FM"]
[WhiteElo "2134"]
[BlackElo "2096"]
[WhiteFideId "160458"]
[BlackFideId "905020"]
[EventDate "2025.05.20"]

1. Nf3 Nf6 2. g3 d5 3. Bg2 c5 4. O-O Nc6 5. d4 cxd4 6. Nxd4 e5 7. Nxc6 bxc6 8.
c4 e4 9. Nc3 Be7 10. cxd5 cxd5 11. Qb3 Be6 12. Rd1 O-O 13. Qa4 Qb6 14. Be3 Qxb2
15. Bd4 Rfd8 16. Rab1 Qa3 17. Qxa3 Bxa3 18. Bxf6 gxf6 19. Rb3 Bc5 20. Rb5 Rac8
21. Rxc5 Rxc5 22. Nxe4 Ra5 23. Nxf6+ Kg7 24. Nh5+ Kh6 25. Nf4 Rxa2 26. Bxd5 Bxd5
27. Rxd5 Rxd5 28. Nxd5 a5 0-1